[Event "Abu Dhabi op-A 30th"]
[Site "Abu Dhabi"]
[Date "2024.08.16"]
[Round "2"]
[White "Adhiban, Baskaran"]
[Black "Ajay Krishna, S."]
[Result "1-0"]
[WhiteElo "2532"]
[BlackElo "2365"]
[PlyCount "67"]
[EventDate "2024.08.15"]
[EventType "swiss"]
[EventRounds "9"]
[EventCountry "UAE"]
[SourceTitle "EXT 2025"]
[Source "ChessBase"]
[SourceDate "2024.10.14"]
[SourceVersion "1"]
[SourceVersionDate "2024.10.14"]
[SourceQuality "1"]

1. e4 c5 2. Nf3 d6 3. d4 cxd4 4. Nxd4 Nf6 5. Nc3 Nc6 6. Bc4 Qb6 7. Nb3 e6 8. Be3 Qc7 9. f4 a6 10. Bd3 b5 11. a3 Be7 12. 0-0 Bb7 13. Qf3 h5 14. h3 Nb8 15. Nd4 Nbd7 16. Rac1 Rc8 17. Nd1 Qb8 18. Nf2 Qa8 19. Bd2 Nc5 20. Rce1 d5 21. e5 Nfe4 22. Bxe4 dxe4 23. Qg3 g6 24. b4 Nd7 25. Nxe6 fxe6 26. Qxg6+ Kd8 27. f5 Nf8 28. Qg7 Rh7 29. f6 Kd7 30. Qg8 Bd8 31. Bh6 Rxh6 32. Qxf8 e3 33. Qf7+ Be7 34. Qxe7+ 1-0

[Event "Abu Dhabi op-A 30th"]
[Site "Abu Dhabi"]
[Date "2024.08.15"]
[Round "1"]
[White "Ajay Krishna, S."]
[Black "Bharath, Subramaniyam H"]
[Result "1/2-1/2"]
[WhiteElo "2365"]
[BlackElo "2566"]
[PlyCount "66"]
[EventDate "2024.08.15"]
[EventType "swiss"]
[EventRounds "9"]
[EventCountry "UAE"]
[SourceTitle "EXT 2025"]
[Source "ChessBase"]
[SourceDate "2024.10.14"]
[SourceVersion "1"]
[SourceVersionDate "2024.10.14"]
[SourceQuality "1"]

1. d4 Nf6 2. c4 e6 3. Nf3 b6 4. g3 Ba6 5. b3 Bb4+ 6. Bd2 Be7 7. Nc3 d5 8. cxd5 exd5 9. Bg2 0-0 10. 0-0 Re8 11. a3 c5 12. dxc5 bxc5 13. Bf4 d4 14. Ne5 Nbd7 15. Bxa8 Qxa8 16. Nxd7 Nxd7 17. a4 g5 18. Bc1 Qc6 19. Nb5 Bb7 20. f3 Ne5 21. Nxa7 Qd7 22. Nb5 h5 23. Rf2 h4 24. gxh4 g4 25. Bf4 Bxh4 26. Rg2 Ng6 27. Rxg4 Qxg4+ 28. fxg4 Nxf4 29. Nd6 Rxe2 30. Nxb7 Nh3+ 31. Kh1 Nf2+ 32. Kg1 Nh3+ 33. Kh1 Nf2+ 1/2-1/2

[Event "Benasque op 43rd"]
[Site "Benasque"]
[Date "2024.07.09"]
[Round "5"]
[White "Ajay Krishna, S."]
[Black "Fernandez Garcia, Gumersindo"]
[Result "1-0"]
[WhiteElo "2364"]
[BlackElo "2117"]
[PlyCount "109"]
[EventDate "2024.07.05"]
[EventType "swiss"]
[EventRounds "10"]
[EventCountry "ESP"]
[SourceTitle "CBM 221 Extra"]
[Source "ChessBase"]
[SourceDate "2024.09.30"]
[SourceVersion "1"]
[SourceVersionDate "2024.09.30"]
[SourceQuality "1"]

1. d4 Nf6 2. c4 g6 3. Nf3 Bg7 4. g3 0-0 5. Bg2 d6 6. Nc3 Nbd7 7. 0-0 e5 8. e4 exd4 9. Nxd4 Re8 10. h3 a6 11. Be3 Rb8 12. a4 Nc5 13. Qc2 a5 14. Rad1 Nfd7 15. Ndb5 b6 16. f4 Bb7 17. Bf2 Ra8 18. Rd2 Qb8 19. Re1 Bf8 20. Qd1 Nf6 21. Rde2 c6 22. Nxd6 Qxd6 23. Qxd6 Bxd6 24. e5 Nd3 25. Rd1 Bxe5 26. fxe5 Nxe5 27. b3 Ned7 28. Red2 Nc5 29. Rd6 Re6 30. Bxc5 bxc5 31. Rxe6 fxe6 32. g4 g5 33. Ne4 Nxe4 34. Bxe4 Rf8 35. Rd6 Rf4 36. Bxc6 Bxc6 37. Rxc6 Rf3 38. Kg2 Rxb3 39. Rxc5 Rb4 40. Rxa5 Rxc4 41. Rxg5+ Kf7 42. a5 Rc3 43. Rh5 Kg6 44. Kf2 Ra3 45. Ke2 Kg7 46. Kd2 Kg6 47. Kc2 e5 48. Rxe5 Rxh3 49. Kb2 Rh2+ 50. Kb3 Rh3+ 51. Kb4 Rg3 52. g5 Rg1 53. a6 Rb1+ 54. Kc5 Ra1 55. Kb6 1-0

[Event "Benasque op 43rd"]
[Site "Benasque"]
[Date "2024.07.07"]
[Round "3"]
[White "Ajay Krishna, S."]
[Black "Curiel Garcia, Christian"]
[Result "1-0"]
[WhiteElo "2364"]
[BlackElo "2107"]
[PlyCount "65"]
[EventDate "2024.07.05"]
[EventType "swiss"]
[EventRounds "10"]
[EventCountry "ESP"]
[SourceTitle "CBM 221 Extra"]
[Source "ChessBase"]
[SourceDate "2024.09.30"]
[SourceVersion "1"]
[SourceVersionDate "2024.09.30"]
[SourceQuality "1"]

1. d4 Nf6 2. c4 e6 3. Nf3 Bb4+ 4. Bd2 a5 5. Nc3 b6 6. e3 Bb7 7. Bd3 0-0 8. 0-0 d6 9. a3 Bxc3 10. Bxc3 Ne4 11. Be1 f5 12. Qc2 Nd7 13. Nd2 Nxd2 14. Bxd2 Qh4 15. d5 Nc5 16. Be2 a4 17. Bb4 Qe4 18. Qxe4 fxe4 19. dxe6 Nxe6 20. Bc3 Nc5 21. f4 exf3 22. gxf3 Rae8 23. e4 g5 24. h4 g4 25. Kh2 h5 26. Rg1 Kh7 27. Raf1 Bc8 28. Bd1 Be6 29. fxg4 Bxc4 30. Rf5 Rxf5 31. exf5 hxg4 32. Rxg4 Rg8 33. Rxc4 1-0

[Event "Teplice op 17th"]
[Site "Teplice"]
[Date "2024.06.21"]
[Round "7"]
[White "Kraus, Tomas"]
[Black "Ajay Krishna, S."]
[Result "0-1"]
[WhiteElo "2481"]
[BlackElo "2359"]
[PlyCount "64"]
[EventDate "2024.06.15"]
[EventType "swiss"]
[EventRounds "9"]
[EventCountry "CZE"]
[SourceTitle "CBM 220 Extra"]
[Source "ChessBase"]
[SourceDate "2024.07.31"]
[SourceVersion "1"]
[SourceVersionDate "2024.07.31"]
[SourceQuality "1"]

1. c4 c5 2. e3 Nf6 3. d4 e6 4. d5 d6 5. Ne2 exd5 6. cxd5 g6 7. Nec3 Bg7 8. Bb5+ Bd7 9. Bd3 0-0 10. 0-0 Na6 11. e4 Nc7 12. a4 a6 13. Bf4 Qe7 14. Na3 Nh5 15. Be3 b5 16. axb5 axb5 17. Naxb5 Rxa1 18. Qxa1 Bxb5 19. Nxb5 Nxb5 20. Bxb5 Qxe4 21. Qa6 Nf4 22. Bxf4 Qxf4 23. b3 Be5 24. g3 Qf3 25. Bc4 h5 26. Qa2 Bd4 27. Re1 h4 28. Qe2 Qf5 29. Rd1 Kg7 30. Rd3 Re8 31. Qf1 h3 32. g4 Qxf2+ 0-1

[Event "Abu Dhabi op 29th"]
[Site "Abu Dhabi"]
[Date "2023.08.19"]
[Round "4"]
[White "Ajay Krishna, S."]
[Black "Nogerbek, Kazybek"]
[Result "1-0"]
[WhiteElo "2388"]
[BlackElo "2487"]
[PlyCount "125"]
[EventDate "2023.08.16"]
[EventType "swiss"]
[EventRounds "9"]
[EventCountry "UAE"]
[SourceTitle "CBM 216 Extra"]
[Source "ChessBase"]
[SourceDate "2023.11.30"]
[SourceVersion "1"]
[SourceVersionDate "2023.11.30"]
[SourceQuality "1"]

1. Nf3 d5 2. c4 e6 3. g3 Nf6 4. Bg2 d4 5. 0-0 Nc6 6. e3 Be7 7. exd4 Nxd4 8. Nxd4 Qxd4 9. d3 0-0 10. Nc3 e5 11. Qb3 c6 12. Be3 Qd8 13. h3 Qc7 14. d4 exd4 15. Bxd4 Be6 16. Rac1 Rac8 17. a4 Nd7 18. Ne4 a5 19. Qc3 f5 20. Nd2 Bb4 21. Qe3 Rce8 22. Qg5 Nc5 23. Nf3 Nb3 24. Be5 Qe7 25. Qxe7 Rxe7 26. Rc2 Rd8 27. Bf4 h6 28. h4 Bf7 29. Kh2 Bh5 30. Be3 Rd3 31. c5 Re8 32. Ng1 Bd2 33. Bxd2 Nxd2 34. Ra1 Nb3 35. Ra3 Bf7 36. Nh3 Re5 37. Ng1 Kf8 38. f4 Ree3 39. Bf1 Rd2+ 40. Rxd2 Nxd2 41. Bd3 Bd5 42. Bxf5 Nf1+ 43. Kh3 Re1 44. Nf3 Re2 45. Bd3 Rf2 46. Ne5 Ne3 47. g4 Rxb2 48. f5 Rb4 49. g5 h5 50. Be2 Nxf5 51. Ng6+ Kg8 52. Bxh5 Re4 53. Bf3 Re6 54. Nf4 Re3 55. Rxe3 Nxe3 56. Nxd5 cxd5 57. Kg3 Kf7 58. Kf4 d4 59. Bxb7 g6 60. Be4 Kg7 61. c6 Nc4 62. c7 Nd6 63. Bb7 1-0

[Event "Arad op 16th"]
[Site "Arad"]
[Date "2023.08.13"]
[Round "9"]
[White "Sandu, Mihaela"]
[Black "Ajay Krishna, S."]
[Result "1/2-1/2"]
[WhiteElo "2204"]
[BlackElo "2390"]
[PlyCount "108"]
[EventDate "2023.08.07"]
[EventType "swiss"]
[EventRounds "9"]
[EventCountry "ROU"]
[SourceTitle "EXT 2024"]
[Source "ChessBase"]
[SourceDate "2023.10.10"]
[SourceVersion "1"]
[SourceVersionDate "2023.10.10"]
[SourceQuality "1"]

1. e4 c5 2. Nf3 d6 3. d4 cxd4 4. Nxd4 Nf6 5. Nc3 a6 6. Be2 e5 7. Nb3 Be7 8. 0-0 0-0 9. Be3 Be6 10. Qd2 Nbd7 11. a4 Rc8 12. a5 Qc7 13. Rfd1 Rfd8 14. Qe1 h6 15. h3 Qc6 16. Bf3 Nh7 17. Nc1 Ng5 18. Bxg5 Bxg5 19. Nd3 Nb8 20. Nb4 Qc4 21. Nbd5 Bxd5 22. Rxd5 Qb4 23. Qb1 b5 24. axb6 Qxb6 25. Rda5 Bh4 26. Nd1 Rc5 27. R5a4 a5 28. c3 Nc6 29. Qd3 Ne7 30. Kh2 Bg5 31. g3 d5 32. b4 axb4 33. cxb4 Rc4 34. h4 Rd4 35. Qe2 Bf6 36. Ra8 dxe4 37. Bxe4 Nc8 38. b5 Qc5 39. Qf3 Nb6 40. Rxd8+ Rxd8 41. Ne3 Qxb5 42. Ra7 Nc8 43. Rb7 Qa6 44. Ng4 Qe6 45. Bf5 Qd6 46. Bc2 Ne7 47. Qe4 Ng6 48. Bb3 Ne7 49. Bc2 Ng6 50. h5 Nf8 51. Bb3 Rd7 52. Rxd7 Qxd7 53. Nxe5 Bxe5 54. Qxe5 Ne6 1/2-1/2

[Event "Arandjelovac op 2nd"]
[Site "Arandjelovac"]
[Date "2023.08.01"]
[Round "3"]
[White "Ajay Krishna, S."]
[Black "Drljevic, Ljilja"]
[Result "1-0"]
[WhiteElo "2388"]
[BlackElo "2115"]
[PlyCount "46"]
[EventDate "2023.07.31"]
[EventType "swiss"]
[EventRounds "9"]
[EventCountry "SRB"]
[SourceTitle "CBM 215 Extra"]
[Source "ChessBase"]
[SourceDate "2023.09.30"]
[SourceVersion "1"]
[SourceVersionDate "2023.09.30"]
[SourceQuality "1"]

1. Nf3 d6 2. d4 g6 3. e4 Bg7 4. Nc3 a6 5. a4 Nc6 6. d5 Nb4 7. a5 e6 8. Ra4 c5 9. dxc6 Nxc6 10. Bf4 Bxc3+ 11. bxc3 e5 12. Be3 Nf6 13. Be2 Qc7 14. Bb6 Qd7 15. Qa1 d5 16. exd5 Nxd5 17. Bc5 f6 18. 0-0 Nd8 19. Rd1 Qc6 20. Rc4 Be6 21. Bb6 Qb5 22. Qa3 Kf7 23. Bf1 Qe8 1-0

[Event "Biel HTO 56th"]
[Site "Biel"]
[Date "2023.07.17"]
[Round "1"]
[White "Ajay Krishna, S."]
[Black "Ehsani, Yassamin L"]
[Result "1-0"]
[WhiteElo "2390"]
[BlackElo "2106"]
[PlyCount "81"]
[EventDate "2023.07.17"]
[EventType "swiss"]
[EventRounds "10"]
[EventCountry "SUI"]
[SourceTitle "CBM 215 Extra"]
[Source "ChessBase"]
[SourceDate "2023.09.30"]
[SourceVersion "1"]
[SourceVersionDate "2023.09.30"]
[SourceQuality "1"]

1. Nf3 d5 2. d4 Nf6 3. c3 Bf5 4. Qb3 Qc8 5. c4 dxc4 6. Qxc4 Nbd7 7. Nc3 Nb6 8. Qb3 e6 9. g3 Ne4 10. Nd2 Nxc3 11. bxc3 Be7 12. a4 Nd7 13. Bg2 Rb8 14. Nc4 Nf6 15. Ba3 Bxa3 16. Qxa3 Qd7 17. Qc5 a6 18. 0-0 Qe7 19. Qxe7+ Kxe7 20. Na5 c6 21. f3 Rhc8 22. e4 Bg6 23. Rfb1 b6 24. Nc4 Nd7 25. Bf1 f6 26. Rb2 Bf7 27. Nd2 a5 28. Rab1 Kd6 29. Nc4+ Kc7 30. Bh3 Rd8 31. Kf2 e5 32. Ne3 Nf8 33. Rd1 c5 34. d5 Be8 35. Ra1 Ng6 36. Nc4 Bf7 37. Rab1 Nf8 38. Rxb6 Rxb6 39. Rxb6 Nd7 40. d6+ Kc8 41. Nxa5 1-0

[Event "Alicante Easter op 7th"]
[Site "La Nucia"]
[Date "2023.04.09"]
[Round "7"]
[White "Ajay Krishna, S."]
[Black "Almeida Quintana, Omar"]
[Result "0-1"]
[WhiteElo "2382"]
[BlackElo "2526"]
[PlyCount "66"]
[EventDate "2023.04.05"]
[EventType "swiss"]
[EventRounds "9"]
[EventCountry "ESP"]
[SourceTitle "CBM 213 Extra"]
[Source "ChessBase"]
[SourceDate "2023.05.31"]
[SourceVersion "1"]
[SourceVersionDate "2023.05.31"]
[SourceQuality "1"]

1. d4 g6 2. Nf3 d6 3. c4 Bg7 4. Nc3 Bg4 5. g3 Bxf3 6. exf3 Nc6 7. d5 Nd4 8. Bh3 c5 9. Qa4+ Kf8 10. Qd1 a6 11. a4 b5 12. cxb5 axb5 13. 0-0 b4 14. Ne4 Nf6 15. Nxf6 Bxf6 16. Bh6+ Bg7 17. Be3 h5 18. Bxd4 Bxd4 19. Rb1 Ra7 20. Qb3 h4 21. Bg2 hxg3 22. hxg3 Qd7 23. Ra1 e5 24. dxe6 Qxe6 25. Qc2 b3 26. Qd2 Kg7 27. f4 Qf6 28. Rfb1 c4 29. Qe2 Rc8 30. Bd5 Re7 31. Qg4 Rc5 32. a5 Rxd5 33. a6 Ba7 0-1

[Event "Reykjavik op"]
[Site "Reykjavik"]
[Date "2023.03.30"]
[Round "3"]
[White "Livaic, Leon"]
[Black "Ajay Krishna, S."]
[Result "1-0"]
[WhiteElo "2569"]
[BlackElo "2382"]
[PlyCount "99"]
[EventDate "2023.03.29"]
[EventType "swiss"]
[EventRounds "9"]
[EventCountry "ISL"]
[SourceTitle "CBM 213 Extra"]
[Source "ChessBase"]
[SourceDate "2023.05.31"]
[SourceVersion "1"]
[SourceVersionDate "2023.05.31"]
[SourceQuality "1"]

1. e4 c5 2. Nf3 d6 3. d4 cxd4 4. Qxd4 Nc6 5. Bb5 Bd7 6. Bxc6 Bxc6 7. Nc3 Nf6 8. Bg5 e6 9. 0-0-0 Be7 10. Qd3 Qa5 11. Bh4 Qh5 12. h3 0-0 13. Rhe1 Rfe8 14. g4 Qc5 15. Qe3 Qxe3+ 16. Rxe3 Rad8 17. Ree1 a6 18. Nd4 Rc8 19. Nxc6 Rxc6 20. Bg3 b5 21. a3 Nd7 22. Ne2 e5 23. Nc3 Rec8 24. Nd5 Rxc2+ 25. Kb1 Bf8 26. Nb4 R2c4 27. Nxa6 Nc5 28. Nxc5 R4xc5 29. Re3 f6 30. Rb3 Rc4 31. f3 b4 32. Rxb4 Rxb4 33. axb4 Rb8 34. Be1 Kf7 35. Kc2 Ke6 36. Kb3 Kd7 37. Ra1 Be7 38. Ra7+ Ke6 39. Ka4 g6 40. b5 Bd8 41. Ba5 h5 42. Bxd8 Rxd8 43. b6 hxg4 44. hxg4 d5 45. exd5+ Kxd5 46. Kb5 Kd6 47. Rg7 Rd7 48. Rxd7+ Kxd7 49. Ka6 Kc8 50. Ka7 1-0

[Event "IND-ch 59th"]
[Site "New Delhi"]
[Date "2023.01.03"]
[Round "13"]
[White "Sengupta, Deep"]
[Black "Ajay Krishna, S."]
[Result "1/2-1/2"]
[WhiteElo "2486"]
[BlackElo "2383"]
[PlyCount "134"]
[EventDate "2022.12.22"]
[EventType "swiss"]
[EventRounds "13"]
[EventCountry "IND"]
[SourceTitle "CBM 211 Extra"]
[Source "ChessBase"]
[SourceDate "2023.01.31"]
[SourceVersion "1"]
[SourceVersionDate "2023.01.31"]
[SourceQuality "1"]

1. e4 c5 2. Nf3 d6 3. d4 cxd4 4. Nxd4 Nf6 5. Nc3 a6 6. a4 e5 7. Nf3 Be7 8. Bc4 Be6 9. Qe2 0-0 10. 0-0 Nc6 11. Rd1 Rc8 12. Ba2 Qb6 13. Nd5 Bxd5 14. exd5 Nb4 15. Bb3 a5 16. Nh4 g6 17. Bh6 Rfe8 18. g3 Qa6 19. Qxa6 Nxa6 20. Bd2 Bd8 21. Ng2 Bb6 22. Ne3 Ne4 23. Be1 Bxe3 24. fxe3 b6 25. Kg2 f5 26. c3 Kg7 27. Bc2 Nf6 28. Bd3 Nc5 29. Bb5 Re7 30. b4 Nce4 31. c4 Ng4 32. Ra3 axb4 33. Bxb4 Rec7 34. Rc1 Ngf6 35. Rd3 h5 36. Be1 Nc5 37. Ra3 Nce4 38. Rd3 Rc5 39. Bb4 Rxd5 40. Rb3 h4 41. Ba6 Rc7 42. Rcb1 Ra7 43. cxd5 Rxa6 44. Bxd6 Nxd6 45. Rxb6 Rxb6 46. Rxb6 Nc4 47. Rb7+ Kf8 48. d6 hxg3 49. hxg3 Nxe3+ 50. Kg1 Nc4 51. Rb4 Nxd6 52. a5 Nd7 53. a6 Nc8 54. Rc4 Ncb6 55. a7 Ke7 56. Rc8 g5 57. Kf2 Kd6 58. Ke2 g4 59. Kf2 Kd5 60. Ke3 Kd6 61. Kd2 Nf6 62. Rf8 Ke7 63. Rb8 Nfd5 64. Ke2 Kd6 65. Rf8 Ke6 66. Rg8 Kf7 67. Rh8 Ke7 1/2-1/2

[Event "IND-ch 59th"]
[Site "New Delhi"]
[Date "2023.01.01"]
[Round "11"]
[White "Das, Sayantan"]
[Black "Ajay Krishna, S."]
[Result "1-0"]
[WhiteElo "2475"]
[BlackElo "2383"]
[PlyCount "85"]
[EventDate "2022.12.22"]
[EventType "swiss"]
[EventRounds "13"]
[EventCountry "IND"]
[SourceTitle "CBM 211 Extra"]
[Source "ChessBase"]
[SourceDate "2023.01.31"]
[SourceVersion "1"]
[SourceVersionDate "2023.01.31"]
[SourceQuality "1"]

1. e4 c5 2. Nf3 d6 3. Bb5+ Bd7 4. c4 Nf6 5. Nc3 g6 6. 0-0 Bg7 7. d3 0-0 8. h3 a6 9. Ba4 Bxa4 10. Qxa4 Nc6 11. Bg5 e6 12. Qd1 Qc7 13. Qd2 Rab8 14. Bh6 b5 15. Bxg7 Kxg7 16. b3 Rfd8 17. Rac1 b4 18. Ne2 a5 19. Ng3 a4 20. d4 cxd4 21. Nxd4 Nxd4 22. Qxd4 axb3 23. axb3 e5 24. Qd2 Nd7 25. f4 f6 26. Rf3 exf4 27. Rxf4 Re8 28. Rcf1 Re6 29. Kh1 Ne5 30. Ne2 Nc6 31. Rg4 Re5 32. Nf4 Ne7 33. Qf2 Rf8 34. Nd3 Re6 35. Nxb4 Qb7 36. Nc2 Rxe4 37. Rxe4 Qxe4 38. Re1 Qb7 39. Nd4 Rf7 40. Ne6+ Kg8 41. Nd8 Qxb3 42. Nxf7 Kxf7 43. Qa7 1-0

[Event "IND-ch 59th"]
[Site "New Delhi"]
[Date "2022.12.31"]
[Round "10"]
[White "Ajay Krishna, S."]
[Black "Adireddy, Arjun"]
[Result "1-0"]
[WhiteElo "2383"]
[BlackElo "1980"]
[PlyCount "97"]
[EventDate "2022.12.22"]
[EventType "swiss"]
[EventRounds "13"]
[EventCountry "IND"]
[SourceTitle "CBM 211 Extra"]
[Source "ChessBase"]
[SourceDate "2023.01.31"]
[SourceVersion "1"]
[SourceVersionDate "2023.01.31"]
[SourceQuality "1"]

1. d4 d5 2. Nf3 Nf6 3. c3 e6 4. Bf4 c5 5. e3 Nc6 6. Nbd2 Bd6 7. Bg3 0-0 8. Bd3 b6 9. Ne5 Bb7 10. f4 Ne7 11. Qb1 Rc8 12. 0-0 Rc7 13. a4 a5 14. Bh4 Ng6 15. Bxf6 gxf6 16. Nef3 f5 17. Qd1 Kg7 18. Be2 Qa8 19. Kh1 Ba6 20. Rg1 h5 21. Nf1 Bxe2 22. Qxe2 c4 23. Ng3 Rh8 24. Ng5 h4 25. Nh5+ Kf8 26. g3 Ke7 27. gxh4 Rh6 28. Ng3 Nxh4 29. Nf3 Ng6 30. Rab1 Qc6 31. Qc2 b5 32. axb5 Qxb5 33. Qg2 Rh8 34. Ne2 Rh5 35. Ng5 Nh4 36. Qg3 Qe8 37. Nf3 Ng6 38. Ne5 Bxe5 39. dxe5 a4 40. Nd4 Rb7 41. Qf2 Qd7 42. Ra1 Rh8 43. Ra2 Ra8 44. Rxg6 fxg6 45. Qh4+ g5 46. Qh7+ Kd8 47. Nxe6+ Ke8 48. Qg8+ Ke7 49. Qg7+ 1-0

[Event "Dubai op 22nd"]
[Site "Dubai"]
[Date "2022.09.04"]
[Round "9"]
[White "Grover, Sahaj"]
[Black "Ajay Krishna, S."]
[Result "1-0"]
[WhiteElo "2505"]
[BlackElo "2367"]
[PlyCount "75"]
[EventDate "2022.08.27"]
[EventType "swiss"]
[EventRounds "9"]
[EventCountry "UAE"]
[SourceTitle "CBM 210 Extra"]
[Source "ChessBase"]
[SourceDate "2022.11.30"]
[SourceVersion "1"]
[SourceVersionDate "2022.11.30"]
[SourceQuality "1"]

1. d4 d5 2. Bf4 c5 3. e3 Nf6 4. Nf3 Nc6 5. Nbd2 Qb6 6. dxc5 Qxb2 7. Rb1 Qc3 8. Bb5 e6 9. 0-0 Be7 10. e4 0-0 11. Rb3 Qa5 12. e5 Nd7 13. Bxc6 bxc6 14. Nd4 Bxc5 15. Rh3 Re8 16. Qh5 Nf8 17. N2f3 Qc7 18. Ng5 h6 19. Nf5 exf5 20. e6 Nxe6 21. Nxe6 Qe7 22. Nxc5 Qxc5 23. Bxh6 gxh6 24. Qxh6 Qd4 25. Rg3+ Qg4 26. h3 Qxg3 27. fxg3 Re6 28. Qg5+ Rg6 29. Qd8+ Kg7 30. Re1 Bb7 31. Qa5 Rg8 32. Qc3+ Kh7 33. Re7 Rxg3 34. Rxf7+ R8g7 35. Rxg7+ Rxg7 36. Qf6 c5 37. Qxf5+ Kg8 38. g4 1-0

[Event "Dubai op 22nd"]
[Site "Dubai"]
[Date "2022.08.30"]
[Round "4"]
[White "Ajay Krishna, S."]
[Black "Hamad, Bader"]
[Result "1-0"]
[WhiteElo "2367"]
[BlackElo "2029"]
[PlyCount "115"]
[EventDate "2022.08.27"]
[EventType "swiss"]
[EventRounds "9"]
[EventCountry "UAE"]
[SourceTitle "CBM 210 Extra"]
[Source "ChessBase"]
[SourceDate "2022.11.30"]
[SourceVersion "1"]
[SourceVersionDate "2022.11.30"]
[SourceQuality "1"]

1. d4 Nf6 2. Nf3 e6 3. Bf4 c5 4. c3 b6 5. e3 Be7 6. h3 0-0 7. Nbd2 Bb7 8. Bd3 d5 9. Qb1 Ba6 10. 0-0 Bxd3 11. Qxd3 Bd6 12. Ne5 Qc7 13. Bh2 Nc6 14. f4 Ne7 15. Ng4 Nd7 16. e4 dxe4 17. Nxe4 Nf5 18. Rad1 cxd4 19. cxd4 Rad8 20. Kh1 Be7 21. Qf3 Kh8 22. d5 exd5 23. Rxd5 Nh4 24. Qe2 Qc6 25. Rfd1 f5 26. Nc3 Nf6 27. Rxd8 Rxd8 28. Rxd8+ Bxd8 29. Nxf6 Bxf6 30. Bg3 Ng6 31. Qa6 Bxc3 32. bxc3 h6 33. Qxa7 Qxc3 34. Kh2 Qc6 35. Qf7 Qf6 36. Qd7 Kh7 37. a4 h5 38. Qd2 Qc6 39. Qd4 Qe4 40. Qxe4 fxe4 41. Bf2 Nxf4 42. Bxb6 Nd5 43. Bd4 g5 44. a5 Nb4 45. Bc3 Nd5 46. a6 Nc7 47. a7 Kg6 48. Ba5 Na8 49. Kg3 Kf5 50. Kf2 g4 51. h4 Ke6 52. Ke3 Kd5 53. Kf4 Kd4 54. Kg5 Ke3 55. Kxh5 g3 56. Kg4 Kf2 57. Kh3 e3 58. h5 1-0

[Event "Abu Dhabi op 28th"]
[Site "Abu Dhabi"]
[Date "2022.08.22"]
[Round "6"]
[White "Aditya, Mittal"]
[Black "Ajay Krishna, S."]
[Result "1-0"]
[WhiteElo "2496"]
[BlackElo "2367"]
[PlyCount "59"]
[EventDate "2022.08.17"]
[EventType "swiss"]
[EventRounds "9"]
[EventCountry "UAE"]
[SourceTitle "CBM 209 Extra"]
[Source "ChessBase"]
[SourceDate "2022.09.30"]
[SourceVersion "1"]
[SourceVersionDate "2022.09.30"]
[SourceQuality "1"]

1. e4 c5 2. Nf3 d6 3. d4 cxd4 4. Nxd4 Nf6 5. Nc3 a6 6. Qd3 g6 7. f3 Bg7 8. Be3 0-0 9. 0-0-0 b5 10. h4 b4 11. Nce2 a5 12. h5 Nxh5 13. g4 Nf6 14. Qd2 Re8 15. Ng3 Nfd7 16. Bb5 e5 17. Bh6 Bf6 18. Ndf5 Ba6 19. Ba4 d5 20. Qxd5 Nb6 21. Qxd8 Rxd8 22. g5 Nxa4 23. gxf6 Nc6 24. Rxd8+ Rxd8 25. Bg7 h5 26. Nxh5 Be2 27. Nf4 Rd1+ 28. Rxd1 Bxd1 29. Ne7+ Kh7 30. Nh3 1-0

[Event "Abu Dhabi op 28th"]
[Site "Abu Dhabi"]
[Date "2022.08.19"]
[Round "4"]
[White "Pujari, Rucha"]
[Black "Ajay Krishna, S."]
[Result "1/2-1/2"]
[WhiteElo "2229"]
[BlackElo "2367"]
[PlyCount "112"]
[EventDate "2022.08.17"]
[EventType "swiss"]
[EventRounds "9"]
[EventCountry "UAE"]
[SourceTitle "CBM 209 Extra"]
[Source "ChessBase"]
[SourceDate "2022.09.30"]
[SourceVersion "1"]
[SourceVersionDate "2022.09.30"]
[SourceQuality "1"]

1. d4 d5 2. c4 e6 3. Nf3 c6 4. e3 f5 5. g3 Nd7 6. Bg2 Bd6 7. Qc2 Ngf6 8. cxd5 cxd5 9. 0-0 0-0 10. b3 Qe7 11. a4 b6 12. Nc3 a6 13. Bb2 Bb7 14. Rfc1 Ne4 15. Ne2 Qf6 16. Nf4 Rfc8 17. Qd1 a5 18. Rxc8+ Rxc8 19. Rc1 Rxc1 20. Qxc1 Qe7 21. Nd3 Ndf6 22. Nfe5 Qc7 23. Qxc7 Bxc7 24. f3 Ng5 25. h4 Nf7 26. Nf4 Bc8 27. Bf1 Bxe5 28. dxe5 Nd7 29. Nxe6 Ndxe5 30. Nd4 g6 31. Be2 Nd7 32. Bb5 Nc5 33. Bc6 Bb7 34. Ba3 Bxc6 35. Bxc5 bxc5 36. Nxc6 Kf8 37. Kf2 Ke8 38. e4 dxe4 39. fxe4 Nd6 40. exf5 Nxf5 41. g4 Nxh4 42. Nxa5 Kd7 43. Nc4 Kc7 44. Ne5 h6 45. Kg3 g5 46. Kf2 Kb6 47. Nf7 Ng6 48. Nxh6 Ne5 49. Ke3 c4 50. bxc4 Nxc4+ 51. Kd4 Nd2 52. Nf7 Nf3+ 53. Kc4 Ka5 54. Kb3 Nd4+ 55. Kc4 Nf3 56. Kb3 Nd4+ 1/2-1/2

[Event "Abu Dhabi op 28th"]
[Site "Abu Dhabi"]
[Date "2022.08.18"]
[Round "2"]
[White "Al Hosani, Omran"]
[Black "Ajay Krishna, S."]
[Result "0-1"]
[WhiteElo "2293"]
[BlackElo "2367"]
[PlyCount "110"]
[EventDate "2022.08.17"]
[EventType "swiss"]
[EventRounds "9"]
[EventCountry "UAE"]
[SourceTitle "CBM 209 Extra"]
[Source "ChessBase"]
[SourceDate "2022.09.30"]
[SourceVersion "1"]
[SourceVersionDate "2022.09.30"]
[SourceQuality "1"]

1. e4 c5 2. Nf3 d6 3. Bb5+ Nc6 4. 0-0 Bd7 5. Re1 Nf6 6. c3 a6 7. Bf1 Bg4 8. d4 cxd4 9. cxd4 d5 10. e5 Ng8 11. Be3 e6 12. Nbd2 Bb4 13. Re2 Nge7 14. h3 Bh5 15. g4 Bg6 16. Nb3 h5 17. Bg2 hxg4 18. hxg4 Ng8 19. a3 Bf8 20. Bf4 Nh6 21. Nh2 a5 22. Rc1 a4 23. Nc5 Bxc5 24. Rxc5 Ra5 25. Rc3 Ng8 26. b4 axb3 27. Rxb3 Qa8 28. Reb2 Nge7 29. Nf1 Ra7 30. Bg5 0-0 31. Qd2 Rxa3 32. Rxa3 Qxa3 33. Rxb7 Nc8 34. Be3 Qa6 35. Qb2 Bd3 36. Nd2 Qa4 37. Qc3 Qa6 38. Rb3 Be2 39. f3 N8e7 40. Kf2 Bb5 41. Qb2 Bc4 42. Rb6 Qa4 43. Bg5 Nc8 44. Rb7 Ba6 45. Rb3 Qxd4+ 46. Qxd4 Nxd4 47. Ra3 Bb5 48. f4 Nb6 49. Nb3 Nc6 50. Nc5 Nc4 51. Rh3 N6a5 52. f5 Rc8 53. f6 Nxe5 54. Ne4 dxe4 55. Bxe4 Nxg4+ 0-1

[Event "Abu Dhabi op 28th"]
[Site "Abu Dhabi"]
[Date "2022.08.17"]
[Round "1"]
[White "Ajay Krishna, S."]
[Black "Wang, Hao"]
[Result "0-1"]
[WhiteElo "2367"]
[BlackElo "2735"]
[PlyCount "66"]
[EventDate "2022.08.17"]
[EventType "swiss"]
[EventRounds "9"]
[EventCountry "UAE"]
[SourceTitle "CBM 209 Extra"]
[Source "ChessBase"]
[SourceDate "2022.09.30"]
[SourceVersion "1"]
[SourceVersionDate "2022.09.30"]
[SourceQuality "1"]

1. d4 Nf6 2. Nf3 d5 3. Bf4 g6 4. Nc3 Bg7 5. Nb5 Na6 6. e3 c6 7. Nc3 Qb6 8. Rb1 Nh5 9. Bg5 Nc7 10. b4 Ne6 11. Bh4 Qd8 12. Be2 a5 13. 0-0 axb4 14. Rxb4 0-0 15. Qb1 h6 16. Nd2 c5 17. Rb5 Nf6 18. dxc5 d4 19. Bxf6 exf6 20. Nce4 dxe3 21. Nb3 f5 22. Nd6 Nxc5 23. Nxf7 Rxf7 24. Rxc5 b6 25. Rc6 Kh7 26. fxe3 Bb7 27. Rc4 Ba6 28. e4 Re7 29. exf5 Rxe2 30. fxg6+ Kh8 31. Rg4 Qc8 32. h3 Qxc2 33. Nd4 Bxd4+ 0-1